|
LDR
| 02557nam a2200649 a 4500 |
|---|
| 001 | 1199 |
|---|
| 003 | CZ-PrJAB |
|---|
| 005 | 20151231102848.0 |
|---|
| 007 | ta |
|---|
| 008 | 070514s2007 xr acf e 000 1acze |
|---|
| 015 | | . |
‡acnb001719507 |
|---|
| 020 | | . |
‡a978-80-86057-41-5
‡q(brož.) |
|---|
| 035 | | . |
‡a(CZ PrNK)nkc20071719507 |
|---|
| 035 | | . |
‡a(OCoLC)173205641 |
|---|
| 040 | | . |
‡aOLA001
‡bcze |
|---|
| 043 | | . |
‡ae-xr---
‡ae-cs--- |
|---|
| 045 | | . |
‡ax2x9 |
|---|
| 072 | | 7. |
‡a271/279
‡xKřesťanské církve, sekty, denominace
‡2Konspekt
‡95 |
|---|
| 072 | | 7. |
‡a929
‡xBiografie
‡2Konspekt
‡98 |
|---|
| 080 | | . |
‡a929
‡2MRF |
|---|
| 080 | | . |
‡a274/278-726.3
‡2MRF |
|---|
| 080 | | . |
‡a27-46
‡2MRF |
|---|
| 080 | | . |
‡a27-4
‡2MRF |
|---|
| 080 | | . |
‡a322
‡2MRF |
|---|
| 080 | | . |
‡a27-662:3
‡2MRF |
|---|
| 080 | | . |
‡a2-6
‡2MRF |
|---|
| 080 | | . |
‡a323
‡2MRF |
|---|
| 080 | | . |
‡a(437)
‡2MRF |
|---|
| 080 | | . |
‡a(437.3)
‡2MRF |
|---|
| 080 | | . |
‡a(0:82-94)
‡2MRF |
|---|
| 100 | 1 | . |
‡aKocáb, Alfréd,
‡d1925-
‡7mzk2007401224
‡4aut |
|---|
| 245 | 1 | 0. |
‡aCestou necestou /
‡cAlfréd Kocáb |
|---|
| 260 | | . |
‡aStředokluky :
‡bZdeněk Susa,
‡c2007 |
|---|
| 300 | | . |
‡a238 s., [8] s. obr. příl. :
‡bil., portréty ;
‡c18 cm |
|---|
| 490 | 1 | . |
‡aV živé paměti ;
‡vsv. 7 |
|---|
| 600 | 1 | 7. |
‡aKocáb, Alfréd,
‡d1925-
‡7mzk2007401224
‡2czenas |
|---|
| 610 | 2 | 7. |
‡aČeskobratrská církev evangelická
‡7kn20010724094
‡2czenas |
|---|
| 648 | | 7. |
‡a20.-21. století
‡7ch462155
‡2czenas |
|---|
| 650 | 0 | 7. |
‡aevangeličtí duchovní
‡7ph120049
‡zČesko
‡y20.-21. století
‡2czenas |
|---|
| 650 | 0 | 7. |
‡apastorace
‡7ph123988
‡zČesko
‡y20.-21. století
‡2czenas |
|---|
| 650 | 0 | 7. |
‡acírkevní život
‡7ph119306
‡zČesko
‡y20.-21. století
‡2czenas |
|---|
| 650 | 0 | 7. |
‡astát a církev
‡7ph116308
‡zČeskoslovensko
‡y20.-21. století
‡2czenas |
|---|
| 650 | 0 | 7. |
‡akřesťanství a společnost
‡7ph138510
‡zČeskoslovensko
‡y20.-21. století
‡2czenas |
|---|
| 650 | 0 | 9. |
‡aEvangelical ministers
‡zCzechia
‡y20th-21st centuries
‡2eczenas |
|---|
| 650 | 0 | 9. |
‡apastoral care
‡zCzechia
‡y20th-21st centuries
‡2eczenas |
|---|
| 650 | 0 | 9. |
‡achurch life
‡zCzechia
‡y20th-21st centuries
‡2eczenas |
|---|
| 650 | 0 | 9. |
‡achurch and state
‡zCzechoslovakia
‡y20th-21st centuries
‡2eczenas |
|---|
| 650 | 0 | 9. |
‡aChristianity and civilization
‡zCzechoslovakia
‡y20th-21st centuries
‡2eczenas |
|---|
| 651 | | 7. |
‡aČeskoslovensko
‡7ge131689
‡xnáboženské poměry
‡2czenas |
|---|
| 651 | | 7. |
‡aČeskoslovensko
‡7ge131689
‡xspolečnost a politika
‡2czenas |
|---|
| 651 | | 9. |
‡aCzechoslovakia
‡xreligious conditions
‡2eczenas |
|---|
| 651 | | 9. |
‡aCzechoslovakia
‡xsociety and politics
‡2eczenas |
|---|
| 655 | | 7. |
‡aautobiografické vzpomínky
‡7fd131854
‡2czenas |
|---|
| 655 | | 9. |
‡aautobiographical reminiscences
‡2eczenas |
|---|
| 830 | | 0. |
‡aV živé paměti |
|---|
| 910 | | . |
‡aABG312 |
|---|
| 901 | | . |
‡a1199
‡bUnknown
‡c1199
‡tbiblio |
|---|